Kur̲untokai : (Record no. 83988)

MARC details
000 -LEADER
fixed length control field 00608cam a2200217 i 4500
001 - CONTROL NUMBER
control field sa 68011582
003 - CONTROL NUMBER IDENTIFIER
control field DLC
005 - DATE AND TIME OF LATEST TRANSACTION
control field 20260227112602.0
008 - FIXED-LENGTH DATA ELEMENTS--GENERAL INFORMATION
fixed length control field 811029s1965 ii 000 0 tam
010 ## - LIBRARY OF CONGRESS CONTROL NUMBER
LC control number sa 68011582
020 ## - INTERNATIONAL STANDARD BOOK NUMBER
Terms of availability Rs3.50
040 ## - CATALOGING SOURCE
Original cataloging agency DLC
Transcribing agency DLC
Modifying agency DLC
050 00 - LIBRARY OF CONGRESS CALL NUMBER
Classification number PL4758.6.A2
Item number K8 1965
130 0# - MAIN ENTRY--UNIFORM TITLE
Uniform title Kur̲untokai.
245 00 - TITLE STATEMENT
Title Kur̲untokai :
Remainder of title teḷivuraiyuṭan̲ /
Statement of responsibility, etc. teḷivurai, Puliyūrk Kēcikan̲.
260 ## - PUBLICATION, DISTRIBUTION, ETC.
Place of publication, distribution, etc. Cen̲n̲ai :
Name of publisher, distributor, etc. Pāri Nilaiyam,
Date of publication, distribution, etc. [1965]
300 ## - PHYSICAL DESCRIPTION
Extent 522 p. ;
Dimensions 19 cm.
500 ## - GENERAL NOTE
General note In Tamil.
650 #0 - SUBJECT ADDED ENTRY--TOPICAL TERM
Topical term or geographic name entry element Tamil poetry
Chronological subdivision To 1500.
700 0# - ADDED ENTRY--PERSONAL NAME
Personal name Puliyūrk Kēcikan̲.

No items available.

Powered by Koha